00772cam a2200229 a 45000010009000000050017000090080041000260100017000670200038000840200038001220400018001600420008001780500020001860820016002061000026002222450088002482500012003362600044003483000056003925040064004486500030005121728865520170105102839.0120507m20132005enkab b 001 0 eng  a 2012018598 a9780415629195 (hbk. : alk. paper) a9780415629201 (hbk. : alk. paper) aDLCcDLCdDLC apcc00aD295b.B53 201300a355.0092231 aBlack, Jeremy,d1955-10aIntroduction to global military history :b1775 to the present day /cJeremy Black. a2nd ed. aLondon ;aNew York :bRoutledge,c2013. axvii, 318 p. :bill., maps (chiefly col.) ;c26 cm. aIncludes bibliographical references (p. 303-311) and index. 0aMilitary history, Modern.